Contemporary short stories : (Record no. 200468083)

MARC details
000 -LEADER
fixed length control field 02503cam a2200373 i 4500
001 - CONTROL NUMBER
control field 200468083
003 - CONTROL NUMBER IDENTIFIER
control field TR-AnTOB
005 - DATE AND TIME OF LATEST TRANSACTION
control field 20260413153156.0
007 - PHYSICAL DESCRIPTION FIXED FIELD--GENERAL INFORMATION
fixed length control field ta
008 - FIXED-LENGTH DATA ELEMENTS--GENERAL INFORMATION
fixed length control field 260413s19539999nyu 000 0 eng u
010 ## - LIBRARY OF CONGRESS CONTROL NUMBER
LC control number ^^^54000732^
035 ## - SYSTEM CONTROL NUMBER
System control number (OCoLC)559188
Canceled/invalid control number (OCoLC)31033325
-- (OCoLC)960053394
-- (OCoLC)1019693343
-- (OCoLC)1022195652
-- (OCoLC)1052925194
System control number (TR-AnTOB)200468083
040 ## - CATALOGING SOURCE
Original cataloging agency TOL
Language of cataloging eng
Description conventions rda
Transcribing agency TOL
Modifying agency HLS
-- TR-AnTOB
041 0# - LANGUAGE CODE
Language code of text/sound track or separate title İngilizce
050 0# - LIBRARY OF CONGRESS CALL NUMBER
Classification number PS648.S5
Item number C66
090 ## - LOCALLY ASSIGNED LC-TYPE CALL NUMBER (OCLC); LOCAL CALL NUMBER (RLIN)
Classification number (OCLC) (R) ; Classification number, CALL (RLIN) (NR) PS648.S5
Local cutter number (OCLC) ; Book number/undivided call number, CALL (RLIN) C66
245 10 - TITLE STATEMENT
Title Contemporary short stories :
Remainder of title representative selections /
Statement of responsibility, etc. edited, with an introduction, by Maurice Baudin.
264 #1 - PRODUCTION, PUBLICATION, DISTRIBUTION, MANUFACTURE, AND COPYRIGHT NOTICE
Place of production, publication, distribution, manufacture New York :
Name of producer, publisher, distributor, manufacturer Liberal Arts Press,
Date of production, publication, distribution, manufacture, or copyright notice [1953-
300 ## - PHYSICAL DESCRIPTION
Extent volumes ;
Dimensions 21 cm
336 ## - CONTENT TYPE
Content type term text
Content type code txt
Source rdacontent
337 ## - MEDIA TYPE
Media type term unmediated
Media type code n
Source rdamedia
338 ## - CARRIER TYPE
Carrier type term volume
Carrier type code nc
Source rdacarrier
490 0# - SERIES STATEMENT
Series statement The American heritage series ;
Volume/sequential designation no. 12
505 0# - FORMATTED CONTENTS NOTE
Formatted contents note Vol. 1: Xingu / Edith Wharton -- Paul's case / Willa Cather -- Who dealt? / Ring Lardner -- Your obituary, well written / Conrad Aiken -- Rope / Katherine Anne Porter -- The day the dam broke / James Thurber -- The king of the cats / Stephen Vincent Benet -- The daring young man on the flying trapeze / William Saroyan -- Hook / Walter Van Tilburg Clark -- The hunted / Maurice Baudin, Jr.
Formatted contents note Vol. 2: Nice girl / Sherwood Anderson -- Blood pressure / Damon Runyon -- Young Man Axelbrod / Sinclair Lewis -- Blue murder / Wilbur Daniel Steele -- Old Man Minick / Edna Ferber -- The old demon / Pearl Buck -- Send in your answer / William March -- Babylon revisited / F. Scott Fitzgerald -- The undefeated / Ernest Hemingway -- The leader of the people / John Steinbeck -- City folks / Thyra Samter Winslow -- The tuxedos / Jerome Weidman.
Formatted contents note Vol. 3: A jury of her peers / Susan Glaspell -- Biography / Thomas Beer -- Golden wedding / Ruth Suckow -- Children's page / John P. Marquand -- The man who shot snapping turtles / Edmund Wilson -- Uncle Willy / William Faulkner -- The second tree from the corner / E.B. White -- The break / Charles Jackson -- The doctor's son / John O'Hara -- The tooth / Shirley Jackson -- Shut a final door / Truman Capote -- The unspoiled reaction / Mary McCarthy -- First day finish / Jessamyn West.
650 #0 - SUBJECT ADDED ENTRY--TOPICAL TERM
Topical term or geographic name entry element Short stories, American
9 (RLIN) 46151
655 #7 - INDEX TERM--GENRE/FORM
Genre/form data or focus term Short stories
Source of term lcgft
9 (RLIN) 153047
700 1# - ADDED ENTRY--PERSONAL NAME
Personal name Baudin, Maurice,
Dates associated with a name 1892-
Relator term editor
Relator code edt
9 (RLIN) 153610
942 ## - ADDED ENTRY ELEMENTS (KOHA)
Source of classification or shelving scheme Library of Congress Classification
Koha item type Book
Holdings
Withdrawn status Lost status Source of classification or shelving scheme Damaged status Not for loan Collection code Home library Current library Shelving location Date acquired Source of acquisition Serial Enumeration / chronology Inventory number Total Checkouts Full call number Barcode Date last seen Copy number Date shelved Koha item type Public note
    Library of Congress Classification Kullanılmış / Used Ödünç Verilemez-Kurumiçi kullanım / Not for loan-For inhouse use Genel Koleksiyon Tıp Fakültesi Medikal Kütüphane Tıp Fakültesi Medikal Kütüphane Genel Koleksiyon / Main Collection 18/03/2026 Bağış / Donation 3 İDE   PS648.S5 C66 1954 v.3 TıpFaK TF03074 13/04/2026 1 13/04/2026 Book Donated by Prof. Dr. Şükrü Cin
Devinim Yazılım Eğitim Danışmanlık tarafından Koha'nın orjinal sürümü uyarlanarak geliştirilip kurulmuştur.